00612nam a2200217Ia 4500003000900000005001700009008004100026040003300067041000800100080001100108100001900119245002500138260003700163300002700200650001700227650001400244650001700258942000700275952009500282999001700377LK-CoDNM20240821094545.0010623t1920 xxu||||| |||| 00| 1 eng d aLK-CoDNMdLK-CoDNMeLK-CoDNM aeng a7bH15 aDay,Lal Behari aFolk-tales of Bengal bMacmillan CompanyaLondonc1920 bXII, 284P. : 20 cm aPrince Sobur aRakshasas aSwet-Basanta cBK 001041708OBCaMAINbMAINcREFd2024-08-21l0o7 H15pOB5778r2024-08-21w2024-08-21yBK c89985d89985